00384nam a2200133Ia 450000500170000000800410001702000130005808200130007110000230008424500190010726000470012630000120017350000650018520250606022050.0240331s9999 xx 000 0 und d a13910620 bGAMa305 aGama Arachchige, P 0aApi dhinannemu aColombobSociety and religion centrec2003 a59 p ., aThe story of Vijaya, a woman who sought shade at 12 o' clock